000 00535nam a2200193Ia 4500
005 20250508152808.0
008 008 250505s9999 xx 000 0 eng d
037 _aTextual
040 _aFEDL
_beng
_cFEDL
041 _aeng
_2eng
084 _a170, KAN
_qFEDL
100 _aPaton H. J.
245 0 _aMoral law : Kant's groundwork of the metaphysic of morals
260 _aLondon, UK
_bHutchinson and Co. Ltd.
_c1948
300 _a151p.
650 _aEthics
942 _cTEXL
_h170, KAN
999 _c1338808
_d1338808